[Event "Regionalliga NO 1213"]
[Site "Bayern"]
[Date "2013.04.14"]
[Round "9.4"]
[White "Weber, Daniel1111"]
[Black "Schlaffer, Josef"]
[Result "1-0"]
[WhiteElo "1985"]
[BlackElo "1816"]
[PlyCount "121"]
[EventDate "2012.10.14"]
[EventType "team-tourn"]
[EventRounds "9"]
[EventCountry "GER"]
[SourceTitle "EXT 2015"]
[Source "ChessBase"]
[SourceDate "2014.11.20"]
[SourceVersion "1"]
[SourceVersionDate "2014.11.20"]
[SourceQuality "1"]
[WhiteTeam "Bechhofen"]
[BlackTeam "Amberg Siemens"]
[WhiteTeamCountry "GER"]
[BlackTeamCountry "GER"]

1. e4 Nf6 2. Nc3 d6 3. d4 c6 4. Nf3 Bg4 5. Be3 Nbd7 6. Qd2 Qc7 7. h3 Bh5 8. Bd3 e5 9. g4 Bg6 10. Nh4 Be7 11. Nf5 Bxf5 12. exf5 h6 13. f4 0-0-0 14. 0-0-0 exd4 15. Bxd4 d5 16. Bxa7 Rde8 17. Bd4 Bb4 18. a3 Bxc3 19. Bxc3 c5 20. Bxf6 Nxf6 21. Bb5 Re4 22. g5 Rd4 23. Qh2 Nh5 24. Rxd4 cxd4 25. Qf2 Qxf4+ 26. Qxf4 Nxf4 27. g6 fxg6 28. fxg6 Rf8 29. Rd1 Nxh3 30. Rxd4 Nf4 31. Kd2 Nxg6 32. Rg4 Rf2+ 33. Kc3 Rf3+ 34. Bd3 Nf4 35. Rxg7 d4+ 36. Kc4 b5+ 37. Kxb5 Nxd3 38. cxd3 Rxd3 39. Kc4 Rd2 40. b4 h5 41. a4 h4 42. Rh7 Ra2 43. a5 d3 44. Rxh4 d2 45. Rd4 Kc7 46. Kb3 Ra1 47. Rxd2 Kc6 48. Rc2+ Kb5 49. Rc5+ Ka6 50. Rc6+ Ka7 51. Kc4 Rg1 52. Kb5 Rg5+ 53. Rc5 Rg7 54. a6 Rh7 55. Ka5 Rh6 56. b5 Rg6 57. Rc7+ Ka8 58. Rc6 Rg5 59. Kb6 Rg8 60. a7 Rh8 61. Ka6 1-0

[Event "Regionalliga NO 1213"]
[Site "Bayern"]
[Date "2013.02.03"]
[Round "6.5"]
[White "Hilge, Andreas"]
[Black "Schlaffer, Josef"]
[Result "1-0"]
[WhiteElo "2118"]
[BlackElo "1816"]
[PlyCount "69"]
[EventDate "2012.10.14"]
[EventType "team-tourn"]
[EventRounds "9"]
[EventCountry "GER"]
[SourceTitle "EXT 2015"]
[Source "ChessBase"]
[SourceDate "2014.11.20"]
[SourceVersion "1"]
[SourceVersionDate "2014.11.20"]
[SourceQuality "1"]
[WhiteTeam "Kareth Lappersdorf II"]
[BlackTeam "Amberg Siemens"]
[WhiteTeamCountry "GER"]
[BlackTeamCountry "GER"]

1. e4 Nf6 2. Nc3 d6 3. d4 c6 4. Be2 Qb6 5. h3 e6 6. Nf3 d5 7. e5 Nfd7 8. 0-0 Be7 9. b3 0-0 10. Bb2 Qc7 11. Re1 b5 12. Bd3 Nb6 13. Nh2 N8d7 14. Re3 f5 15. exf6 Nxf6 16. Ng4 Nxg4 17. hxg4 Bg5 18. Rh3 g6 19. Ba3 Rf7 20. Qe2 Bf6 21. Rf1 Bxd4 22. Nd1 a6 23. g3 c5 24. c3 Bg7 25. f4 Bd7 26. g5 Re8 27. Qh2 a5 28. Bb1 Rf5 29. Rxh7 Bc6 30. g4 Rxf4 31. Rxg7+ Kxg7 32. Qxf4 Qxf4 33. Rxf4 e5 34. Rf6 d4 35. Rxc6 1-0

[Event "Regionalliga NO 1213"]
[Site "Bayern"]
[Date "2013.01.13"]
[Round "5.6"]
[White "Schlaffer, Josef"]
[Black "Sikorsky, Horst"]
[Result "1/2-1/2"]
[WhiteElo "1816"]
[BlackElo "1949"]
[PlyCount "53"]
[EventDate "2012.10.14"]
[EventType "team-tourn"]
[EventRounds "9"]
[EventCountry "GER"]
[SourceTitle "EXT 2015"]
[Source "ChessBase"]
[SourceDate "2014.11.20"]
[SourceVersion "1"]
[SourceVersionDate "2014.11.20"]
[SourceQuality "1"]
[WhiteTeam "Amberg Siemens"]
[BlackTeam "Gunzenhausen"]
[WhiteTeamCountry "GER"]
[BlackTeamCountry "GER"]

1. d4 Nf6 2. Nf3 e6 3. g3 b6 4. Bg2 Bb7 5. 0-0 Be7 6. c4 0-0 7. Nc3 d6 8. Ne1 Bxg2 9. Nxg2 d5 10. cxd5 exd5 11. Qb3 c6 12. Rd1 Qd7 13. Bg5 Qg4 14. Bf4 Nbd7 15. f3 Qf5 16. Rac1 g5 17. g4 Qg6 18. Bg3 Ne8 19. e4 dxe4 20. Nxe4 Ng7 21. Ne3 Rac8 22. d5 Nc5 23. Nxc5 Bxc5 24. Kg2 Bxe3 25. Qxe3 cxd5 26. Rxd5 Ne6 27. Rd6 1/2-1/2

[Event "Regionalliga NO 1112"]
[Site "Bayern"]
[Date "2012.02.26"]
[Round "7.6"]
[White "Kaiser, Harald"]
[Black "Schlaffer, Josef"]
[Result "1/2-1/2"]
[WhiteElo "1986"]
[BlackElo "1883"]
[PlyCount "84"]
[EventDate "2011.10.02"]
[EventType "team-tourn"]
[EventRounds "9"]
[EventCountry "GER"]
[SourceTitle "EXT 2015"]
[Source "ChessBase"]
[SourceDate "2014.11.20"]
[SourceVersion "1"]
[SourceVersionDate "2014.11.20"]
[SourceQuality "1"]
[WhiteTeam "Bechhofen"]
[BlackTeam "Amberg Siemens"]
[WhiteTeamCountry "GER"]
[BlackTeamCountry "GER"]

1. e4 Nf6 2. d3 d6 3. g3 c6 4. Bg2 Qb6 5. Nd2 Nbd7 6. Qe2 e5 7. f4 Be7 8. Ngf3 0-0 9. a4 Re8 10. Nc4 Qc7 11. 0-0 Bf8 12. Kh1 Nb6 13. fxe5 dxe5 14. Ne3 Nbd7 15. Nf5 Kh8 16. Bg5 Ng8 17. Be3 f6 18. Qf2 g6 19. N5h4 Be7 20. d4 Rf8 21. Rad1 Nb6 22. b3 Be6 23. Qe2 Rad8 24. dxe5 Rxd1 25. Qxd1 fxe5 26. Ng5 Rxf1+ 27. Qxf1 Bxg5 28. Bxg5 Kg7 29. Nf3 Nd7 30. Bd2 Ngf6 31. Ng5 Qd6 32. Bc3 Bg4 33. h3 Bd1 34. Qc4 Bxc2 35. Qf7+ Kh6 36. Ne6 Nh5 37. Bb2 Qd2 38. g4 Qe1+ 39. Kh2 Qg3+ 40. Kg1 Qe1+ 41. Kh2 Qg3+ 42. Kg1 Qe1+ 1/2-1/2

[Event "Regionalliga NO 0607"]
[Site "Bayern"]
[Date "2007.02.25"]
[Round "6.6"]
[White "Hanisch, Friedrich"]
[Black "Schlaffer, Josef"]
[Result "1-0"]
[WhiteElo "2061"]
[BlackElo "1901"]
[PlyCount "189"]
[EventDate "2006.10.15"]
[EventType "team-tourn"]
[EventRounds "9"]
[EventCountry "GER"]
[SourceTitle "EXT 2008"]
[Source "ChessBase"]
[SourceDate "2007.11.25"]
[SourceVersion "1"]
[SourceVersionDate "2007.11.25"]
[SourceQuality "1"]
[WhiteTeam "Altensittenbach"]
[BlackTeam "Amberg Siemens"]
[WhiteTeamCountry "GER"]
[BlackTeamCountry "GER"]

1. e4 Nf6 2. e5 Nd5 3. d4 d6 4. c4 Nb6 5. exd6 exd6 6. Nc3 Nc6 7. Be3 Be7 8. Bd3 Bf6 9. Nge2 Bd7 10. a3 g6 11. 0-0 Bg7 12. b4 0-0 13. Qd2 Re8 14. Rad1 Ne7 15. Ng3 d5 16. c5 Nbc8 17. Rde1 a6 18. h4 Na7 19. h5 Nb5 20. hxg6 hxg6 21. Bxb5 axb5 22. Bf4 c6 23. Ra1 Nf5 24. Nxf5 Bxf5 25. a4 bxa4 26. Rxa4 Rxa4 27. Nxa4 Re4 28. Be3 Qb8 29. g3 Kh7 30. Nc3 Rg4 31. Kg2 Be4+ 32. Nxe4 Rxe4 33. Rh1+ Kg8 34. f3 Re7 35. Bf2 Qe8 36. Kf1 Qd7 37. Kg2 Qe8 38. Kf1 Re6 39. Qd3 Qa8 40. Kg2 Qa2 41. Qb1 Re2 42. Qxa2 Rxa2 43. Rd1 Rb2 44. f4 Rxb4 45. Rd2 Kf8 46. Kf3 Ke7 47. Kg4 Ke6 48. Re2+ Kd7 49. Rd2 Bf6 50. Kf3 Kc7 51. g4 b5 52. cxb6+ Kxb6 53. Ke2 Kb5 54. Be3 Rb3 55. Rc2 Bd8 56. Rc5+ Kb6 57. Rc2 Be7 58. g5 Kb5 59. Kf2 Bb4 60. Ra2 Ba3 61. Ra1 Kc4 62. Rh1 Kd3 63. Kf3 Bb2 64. Rh2 Bc3 65. Rh1 Rb2 66. Rh7 Re2 67. Bf2 Re6 68. Rxf7 Bxd4 69. Bxd4 Kxd4 70. Rf6 Re3+ 71. Kg4 c5 72. Rxg6 c4 73. Rc6 Re1 74. g6 c3 75. Kf5 Kd3 76. g7 Rg1 77. Rg6 Rxg6 78. Kxg6 c2 79. g8Q c1Q 80. Qxd5+ Ke3 81. f5 Qc2 82. Qe5+ Kf3 83. Kf7 Qb3+ 84. Kg6 Qb1 85. Kg7 Qg1+ 86. Kf8 Qg5 87. Qe6 Qd8+ 88. Kf7 Qc7+ 89. Kf8 Qb8+ 90. Kg7 Qc7+ 91. Qf7 Qe5+ 92. f6 Ke4 93. Qg6+ Kd5 94. Qf7+ Ke4 95. Qe7 1-0

[Event "Regionalliga NO 0607"]
[Site "Bayern"]
[Date "2006.12.10"]
[Round "4.4"]
[White "Schlaffer, Josef"]
[Black "Stubbe, Wilko"]
[Result "0-1"]
[WhiteElo "1901"]
[BlackElo "2025"]
[PlyCount "86"]
[EventDate "2006.10.15"]
[EventType "team-tourn"]
[EventRounds "9"]
[EventCountry "GER"]
[SourceTitle "EXT 2008"]
[Source "ChessBase"]
[SourceDate "2007.11.25"]
[SourceVersion "1"]
[SourceVersionDate "2007.11.25"]
[SourceQuality "1"]
[WhiteTeam "Amberg Siemens"]
[BlackTeam "Postbauer Heng"]
[WhiteTeamCountry "GER"]
[BlackTeamCountry "GER"]

1. d4 Nf6 2. Nf3 c5 3. g3 g6 4. Bg2 Bg7 5. 0-0 cxd4 6. Nxd4 0-0 7. c4 Nc6 8. Nb3 d6 9. Nc3 Na5 10. Nxa5 Qxa5 11. Qd3 Rb8 12. Bd2 Qh5 13. f3 Be6 14. b3 a6 15. Rac1 Rfd8 16. e4 Nd7 17. Be3 Qa5 18. Bd4 Bxd4+ 19. Qxd4 Qc5 20. Rfd1 Rdc8 21. Qxc5 Rxc5 22. Nd5 Bxd5 23. Rxd5 Rbc8 24. Rcd1 Rxd5 25. Rxd5 Rc5 26. Rd2 b5 27. cxb5 axb5 28. f4 Nb6 29. Kf2 Kg7 30. Ke3 Kf6 31. Kd4 Rc1 32. Bf3 b4 33. Be2 Rc3 34. Bd3 e5+ 35. Ke3 d5 36. Ke2 d4 37. Kf3 Nd7 38. Kg4 h5+ 39. Kh4 Nc5 40. Bb1 Rc1 41. Bc2 Ra1 42. a4 bxa3 43. b4 a2 0-1

[Event "Regionalliga NO 0607"]
[Site "Bayern"]
[Date "2006.11.19"]
[Round "3.6"]
[White "Dirmeier, Matthias"]
[Black "Schlaffer, Josef"]
[Result "1-0"]
[WhiteElo "1926"]
[BlackElo "1901"]
[PlyCount "55"]
[EventDate "2006.10.15"]
[EventType "team-tourn"]
[EventRounds "9"]
[EventCountry "GER"]
[SourceTitle "EXT 2008"]
[Source "ChessBase"]
[SourceDate "2007.11.25"]
[SourceVersion "1"]
[SourceVersionDate "2007.11.25"]
[SourceQuality "1"]
[WhiteTeam "Schwandorf"]
[BlackTeam "Amberg Siemens"]
[WhiteTeamCountry "GER"]
[BlackTeamCountry "GER"]

1. e4 Nf6 2. e5 Nd5 3. d4 d6 4. c4 Nb6 5. exd6 cxd6 6. Nc3 g6 7. Be3 Bg7 8. Rc1 0-0 9. Nf3 Nc6 10. Be2 Nd7 11. 0-0 Qa5 12. d5 Nce5 13. Nxe5 Nxe5 14. f4 Nd7 15. g4 Nf6 16. f5 Bd7 17. Qe1 gxf5 18. gxf5 Kh8 19. Qh4 Qb4 20. Bd3 Rg8 21. Kh1 b5 22. b3 bxc4 23. Rf3 Rab8 24. bxc4 Qa3 25. Rh3 Rb2 26. Bg5 h6 27. Bxh6 Nh7 28. Bf4 1-0

[Event "Regionalliga NO 9900"]
[Site "Bayern"]
[Date "2000.??.??"]
[Round "5.7"]
[White "Schlaffer, Josef"]
[Black "Huettl, Guenther"]
[Result "1/2-1/2"]
[WhiteElo "1835"]
[BlackElo "2025"]
[PlyCount "96"]
[EventDate "1999.??.??"]
[EventType "team-tourn"]
[EventRounds "9"]
[EventCountry "GER"]
[SourceTitle "EXT 2020"]
[Source "ChessBase"]
[SourceDate "2019.10.17"]
[SourceVersion "1"]
[SourceVersionDate "2019.10.17"]
[SourceQuality "1"]
[WhiteTeam "Amberg SG Siemens"]
[BlackTeam "Regensburg Fortuna II"]
[WhiteTeamCountry "GER"]
[BlackTeamCountry "GER"]

1. e4 c5 2. Nf3 e6 3. Nc3 a6 4. g3 Nc6 5. Bg2 d6 6. 0-0 g6 7. d3 Bg7 8. Ne2 Nge7 9. c3 d5 10. Qc2 0-0 11. Bf4 e5 12. Bd2 h6 13. Rad1 Be6 14. Bc1 Rc8 15. h3 Qa5 16. exd5 Nxd5 17. a3 Rfd8 18. Nh4 Qb6 19. Kh2 g5 20. Nf3 Nde7 21. Nd2 Na5 22. b4 cxb4 23. axb4 Nac6 24. Qb1 Nd5 25. Ne4 Nce7 26. Ba3 Rc7 27. c4 Nf6 28. N2c3 Nxe4 29. Nxe4 Nf5 30. Nc5 Bc8 31. Rd2 Qd6 32. Ne4 Qd7 33. Qd1 b6 34. Nc3 Rxc4 35. dxc4 Qxd2 36. Qxd2 Rxd2 37. Nd5 Bb7 38. Ne7+ Nxe7 39. Bxb7 Ra2 40. Bc1 Nf5 41. Kg2 Bf8 42. Re1 f6 43. c5 Kg7 44. Bc8 Nd4 45. cxb6 Bxb4 46. b7 Bd6 47. Rd1 Kf7 48. Be3 Rb2 1/2-1/2